000 00678nam a2200229 i 4500
001 134399
003 ES-MaACL
005 20250807102716.0
007 t|
008 070910s1970 mx ||||1| spa d
100 0 _aXirau, Ramón,
_d1924-2017
_9117518
245 1 0 _aOctavio Paz
_b: el sentido de la palabra /
_cRamón Xirau.
250 _a[1ª ed.].
260 _a[México :
_bJoaquín Mortiz,
_c1970]
300 _a126 p. ;
_c18 cm.
490 1 _aEl Volador
600 1 4 _aPaz, Octavio,
_d1914-1998-
_xCrítica e interpretación
_989756
830 0 _aEl Volador
_9187519
852 _aES-MaACL
_jE-9624
_bR.93588
942 _2udc
999 _c134399
_d134399